000 00447nam a2200217Ia 4500
003 IT-RoPAU
008 120407s9999 xx 000 0 und d
040 _aIT-RoPAU
040 _cIT-RoPAU
041 _aita
100 _aKarl Rahner
245 _aPericoli nel cattolicesimo d’oggi
250 _aRoma
260 _aEdizioni Paoline
260 _c1961
300 _c cm
490 _aDds
490 _v35
942 _cBK
999 _c264
_d264